000 01026nas a2200313 4500
001 BR2014007172
003 BR-BrBNA
005 20231205124722.0
007 ta
008 230509b bl.|||p| |||| 00| 00por d
040 _aBR-BrBNA
_bpor
_cBiblioteca Nacional de Agricultura
041 _a(Pt)
072 _aQ03
100 1 _aFaustino, J. da S.
100 1 _aPassos, E. de C.
100 1 _aMello, A.R.P. de
100 1 _aAraújo, A.L.M.
100 1 _aSouza, C.V. de
100 1 _aJorge, L.I.F.
100 1 _aZamarili, L.A.
245 1 _aAnálises microbiológicas de alimentos processados na Baixada Santista, envolvidos em doenças transmitidas por alimentos, no período de 2000 - 2006
650 _aALIMENTO PREPARADO
650 _aCONTAMINAÇÃO
650 _aSALMONELLA
650 _aSEGURANÇA ALIMENTAR
773 0 _tRevista do Instituto Adolfo Lutz (Brazil)
_xISSN 0073-9855
_g(Jan-Apr 2007), v. 66(1) p. 26-30
_wBR2014007172
909 _a202311
_bLúcia
_c55
_dLúcia Elande
942 _2AGRIS
_n0
_cANA
999 _c240550
_d240550